Constitutional Order in Post-Versailles Central and Eastern Europe 1919-1939/1941 (Titelsatznr. 72434)
[ MARC ]
| 000 -Satzkennung | |
|---|---|
| Kontrollfeld mit fester Länge | 01065namaa2200349 cb4500 |
| 001 - Kontrollnummer | |
| Kontrollfeld | BV005305351 |
| 003 - Kontrollnummer Identifier | |
| Kontrollfeld | 0 |
| 005 - Datum und Zeit der letzten Transaktion | |
| Kontrollfeld | 20250508163618.0 |
| 006 - Datenelemente mit fester Länge - Weitere Materialmerkmale | |
| Kontrollfeld mit fester Länge | m|||| o||u| |||||| |
| 007 - Feld mit fester Länge zur physischen Beschreibung - Allgemeine Information | |
| Kontrollfeld mit fester Länge | tu |
| 007 - Feld mit fester Länge zur physischen Beschreibung - Allgemeine Information | |
| Kontrollfeld mit fester Länge | 7 |
| 008 - Feld mit fester Länge zur physischen Beschreibung - Allgemeine Angaben | |
| Kontrollfeld mit fester Länge | 920527s1980 a||| |||| 00||| und d |
| 020 ## - Internationale Standardbuchnummer | |
| Internationale Standardbuchnummer | 9783447122108 |
| Verknüpfung | 978-3-447-12210-8 |
| 024 ## - Anderer Standardidentifier | |
| Standardnummer oder Code | 9783447122108 |
| -- | 978-3-447-12210-8 |
| 040 ## - Katalogisierungsquelle | |
| Original-Katalogisierungsstelle | RU-10907106 |
| Katalogisierungssprache | ger |
| Übertragungsstelle | RU-10907106 |
| 041 ## - Sprachcode | |
| Sprachcode des Textes/der Tonspur oder des separaten Titels | eng |
| 100 ## - Haupteintragung - Personenname | |
| Personenname | Makiłła, Dariusz |
| Funktionsbezeichnungscode | aut |
| Koha-Normdatenidentnummer | 66288 |
| 245 ## - Titel | |
| Titel | Constitutional Order in Post-Versailles Central and Eastern Europe 1919-1939/1941 |
| Verfasserangabe etc. | Edited by Dariusz Makiłła |
| 264 ## - Produktion, Veröffentlichung, Distribution, Herstellung und Urheberrechtsvermerk | |
| Herstellungs-, Veröffentlichungs- Vertriebs-, Erzeugungsort | Wiesbaden |
| Produzent, Herausgeber, Distributor, Hersteller | Harrassowitz Verlag |
| Datum der Herstellung, der Veröffentlichung, des Vertriebs oder des Urheberschutzvermerks | 202 |
| 300 ## - Physische Beschreibung | |
| Umfang | 167 Seiten |
| 336 ## - Inhaltstyp | |
| Quelle | rdacontent |
| Inhaltstypterm | Text |
| Inhaltstypcode | txt |
| 337 ## - Medientyp | |
| Quelle | rdamedia |
| Bezeichnung des Medientyps | ohne Hilfsmittel zu benutzen |
| Medientypcode | n |
| 338 ## - Datenträgertyp | |
| Quelle | rdacarrier |
| Datenträgertypbezeichnung | Band |
| Datenträgertypcode | nc |
| 490 ## - Gesamttitelangabe | |
| Gesamttitelangabe | Deutsches Historisches Institut Warschau |
| Bandnummer/Folgebezeichnung | 44 |
| 648 ## - Nebeneintragung unter einem Schlagwort - Zeitschlagwort | |
| Zeitschlagwort | 1919-1941 |
| Koha-Normdatenidentnummer | 66297 |
| 650 ## - Nebeneintragung unter einem Schlagwort - Sachschlagwort | |
| Sachschlagwort oder geografischer Name als Eintragungselement | Konstitutionalismus |
| 650 ## - Nebeneintragung unter einem Schlagwort - Sachschlagwort | |
| Sachschlagwort oder geografischer Name als Eintragungselement | Verfassung |
| 650 ## - Nebeneintragung unter einem Schlagwort - Sachschlagwort | |
| Sachschlagwort oder geografischer Name als Eintragungselement | Politisches System |
| 651 ## - Nebeneintragung unter einem Schlagwort - Geografischer Name | |
| Geografischer Name | Mitteleuropa |
| 651 ## - Nebeneintragung unter einem Schlagwort - Geografischer Name | |
| Geografischer Name | Osteuropa |
| 942 ## - Zusätzliche Felder (Koha) | |
| Koha-Medientyp | Monographien |
| Klassifikation oder Aufstellungssystematik | Andere/Generische Klassifikation |
| Ausgeschieden | Verloren | Klassifikation oder Aufstellungssystematik | Beschädigt | Nicht entleihbar | Heimatbibliothek | Aufenthaltsbibliothek | Erwerbungsdatum | Inventarnummer | Signatur | Barcode | Letzte Aktivität | Preis gültig von | Koha-Medientyp |
|---|---|---|---|---|---|---|---|---|---|---|---|---|---|
| Andere/Generische Klassifikation | MWN Osteuropa | MW Forum Finnland | 08/05/2025 | 25-00026 | W 62 F g Mak | 75343 | 08/05/2025 | 08/05/2025 | Monographien |